000 00508nam a2200181Ia 4500
005 20250923144728.0
008 008 250917s9999 xx 000 0 eng d
037 _aTextual
040 _aDSWL
_beng
_cDSWL
041 _aeng
_2eng
084 _a90235, K0.1
_qDSWL
245 0 _aMaharashtra-Jeevana, Vol. I
_cEd. by Gangadhar Sardar
260 _aPune
_b Sadashiv Peth, Tilak Rasta,
_c1960
365 _aINR
_b11
925 _g11
942 _cTEXL
_h90235, K0.1
999 _c1442575
_d1442575